| 000 | 00539nam a2200217 a 4500 | ||
|---|---|---|---|
| 999 |
_c4547 _d4547 |
||
| 001 | 4547 | ||
| 003 | BD-JhCC | ||
| 005 | 20171128171408.0 | ||
| 008 | 171128s1967 e p|||| || | 000 0 eng d | ||
| 035 | _a(BD-JhCC)4547 | ||
| 040 |
_aBD-JhCC _dBD-JhCC |
||
| 041 | _aeng | ||
| 082 |
_a912 _bSCO 1967 |
||
| 100 | _aScott, Nancy | ||
| 245 |
_aUnderstanding Maps / _cNancy Scott, |
||
| 260 |
_aLondon _bLadybird Books Ltd Loughborough : _c1967. |
||
| 300 |
_a50 p. : _bill, ; _c18 cm. |
||
| 650 | _aMaps | ||
| 942 |
_2ddc _cBK |
||